Φιλαναγνωσία και σχολείο
Αποθηκεύτηκε σε:
| Άλλοι συγγραφείς: | , , |
|---|---|
| Μορφή: | Βιβλίο |
| Γλώσσα: | Greek |
| Δημοσίευση: |
Αθήνα :
Πατάκης,
2008.
|
| Σειρά: | Διδακτική πράξη και θεωρία (Πατάκης)
|
| Θέματα: | |
| Ετικέτες: |
Προσθήκη ετικέτας
Δεν υπάρχουν, Καταχωρήστε ετικέτα πρώτοι!
|
MARC
| LEADER | 00000cam a2200000 i 4500 | ||
|---|---|---|---|
| 001 | 1/47768 | ||
| 008 | 140521s2008 gr | ||| |||| ||gre|| | ||
| 020 | |a 9789601626628 | ||
| 035 | |l 10117714 | ||
| 040 | |a GR-MY-UA |b gre |e aacr | ||
| 041 | 0 | |a gre | |
| 082 | 7 | |a 808.068 |2 (23) | |
| 245 | 0 | 0 | |a Φιλαναγνωσία και σχολείο / |c επιμέλεια: Άντα Κατσίκη-Γκίβαλου, Τζίνα Καλογήρου, Άβα Χαλκιαδάκη. |
| 260 | |a Αθήνα : |b Πατάκης, |c 2008. | ||
| 300 | |a 246 σ.; |c 24 εκ. | ||
| 490 | 1 | |a (Διδακτική πράξη και θεωρία / Πατάκης) | |
| 504 | |a Περιλαμβάνει βιβλιογραφικές παραπομπές. | ||
| 650 | 0 | 0 | |a Children |x Books and reading |z Greece. |
| 650 | 0 | 0 | |a Reading. |
| 650 | 0 | 0 | |a Children's literature |x Study and teaching. |
| 650 | 0 | 0 | |a Children's literature |x History and criticism. |
| 700 | 1 | |a Κατσίκη-Γκίβαλου, Άντα, |e edtf | |
| 700 | 1 | |a Καλογήρου, Τζίνα, |e edtf | |
| 700 | 1 | |a Χαλκιαδάκη, Άβα, |e edtf | |
| 830 | 0 | |a Διδακτική πράξη και θεωρία (Πατάκης) | |
| 852 | |a INST |b RHODES |c EUDOXUS |e 20140521 |h 808.068 ΦΙΛ |p 005400036527 |q 005400036527 |t EDX |y 0 | ||
| 901 | |a BIBL4-2014-2 | ||
| 909 | |a Ρ |b 183029 | ||
| 920 | |a ΕΥΔΟΞΟΣ |b ΠΑΡΑΓΓΕΛΙΑ |y Ρόδος-ΠΤΔΕ |z 2014-05 | ||
| 922 | |a 4ΕΛΗ | ||
| 970 | |z 2014/05/21 | ||